| 000 | 01230cam a2200325 i 4500 | ||
|---|---|---|---|
| 001 | 24513 | ||
| 003 | Mx-PuUPA | ||
| 005 | 20250620091717.0 | ||
| 008 | 140415s2003 mx a gr 001 0 spa d | ||
| 020 | _a9681337786 | ||
| 040 |
_cMx-PuUPA _aMx-PuUPA _bspa _dMx-PuUPA _erda |
||
| 041 | 0 | _aspa | |
| 245 | 1 | 0 |
_aLos grandes del siglo XX / _cprólogo de Jacobo Zabludovsky ; José Natividad Rosales, Diego Rivera, Agustín Lara, [y otros 46], autores |
| 250 | _aPrimera edición | ||
| 264 | 1 |
_aMéxico, D.F. : _bSiempre! ; _bEditorial Diana, _c2003 |
|
| 300 |
_a301 páginas : _bilustraciones (blanco y negro) ; _c28 cm |
||
| 336 |
_2rdacontent _atexto _btxt |
||
| 337 |
_2rdamedia _asin medio _bn |
||
| 338 |
_2rdacarrier _avolumen _bnc |
||
| 650 | 7 |
_2armarc _aBiografía _ySiglo XX |
|
| 650 | 7 |
_2armarc _aCelebridades _ySiglo XX |
|
| 700 | 1 |
_aZabludovsky, Jacobo, _eprologuista |
|
| 700 | 1 |
_aRosales, José Natividad, _eautor |
|
| 700 | 1 |
_aRivera, Diego, _eautor |
|
| 700 | 1 |
_aLara, Agustín, _eautor |
|
| 942 |
_2ddc _cLI _h920.02 _iL87 |
||
| 999 |
_c24513 _d24513 |
||